[Event "Wch Blitz (Women)"]
[Site "Almaty"]
[Date "2022.12.29"]
[Round "7"]
[White "Tereladze, Sopiko"]
[Black "Mikheeva, Galina"]
[Result "1-0"]
[WhiteElo "2100"]
[BlackElo "1969"]
[PlyCount "153"]
[EventDate "2022.12.29"]
[EventType "swiss (blitz)"]
[EventRounds "17"]
[EventCountry "KAZ"]
[SourceTitle "CBM 211 Extra"]
[Source "ChessBase"]
[SourceDate "2023.01.31"]
[SourceVersion "1"]
[SourceVersionDate "2023.01.31"]
[SourceQuality "1"]

1. e4 e5 2. Nf3 Nc6 3. Bb5 Nf6 4. 0-0 Nxe4 5. d4 Nd6 6. Bxc6 dxc6 7. dxe5 Nf5 8. Qe2 Nd4 9. Nxd4 Qxd4 10. Nc3 Be6 11. Bg5 h6 12. Rad1 Qg4 13. Qxg4 Bxg4 14. Rd4 Bf5 15. Bf4 Bc5 16. Rd2 g5 17. Be3 Bxe3 18. fxe3 Bg6 19. Rfd1 Bf5 20. e4 Bg4 21. Rf1 Ke7 22. h3 Be6 23. Ne2 Bc4 24. b3 Bxe2 25. Rxe2 Rad8 26. Ref2 Rh7 27. Kh2 Rd4 28. Re2 Ke6 29. c3 Rd3 30. Rf3 Rxf3 31. gxf3 Kxe5 32. Kg3 f6 33. Rd2 h5 34. Rd8 Re7 35. Ra8 a6 36. Rb8 b6 37. Rh8 h4+ 38. Kg4 Ke6 39. Rh6 Kf7 40. Rh7+ Ke6 41. Rh6 Ke5 42. Rh8 a5 43. a3 Ke6 44. Rh6 Ke5 45. Rh5 Ke6 46. Rh8 Rd7 47. Re8+ Kf7 48. Rc8 Ke6 49. Re8+ Kf7 50. Rh8 Rd3 51. Rh7+ Ke6 52. Rxc7 Rxc3 53. b4 axb4 54. axb4 Rc4 55. Rc8 Kd7 56. Rf8 Rxb4 57. Rxf6 Rb5 58. Rh6 Re5 59. Rh7+ Kd6 60. Rh6+ Kc5 61. Rg6 b5 62. Rxg5 Rxg5+ 63. Kxg5 b4 64. e5 b3 65. e6 b2 66. e7 b1Q 67. e8Q Qc1+ 68. f4 Qg1+ 69. Kh6 Qg3 70. Qe5+ Kb6 71. Qg5 Qxh3 72. f5 c5 73. f6 Qe6 74. Kg7 Qd7+ 75. f7 Qd4+ 76. Qf6+ Qxf6+ 77. Kxf6 1-0

[Event "Wch Rapid (Women)"]
[Site "Almaty"]
[Date "2022.12.28"]
[Round "9"]
[White "Tereladze, Sopiko"]
[Black "Lu, Miaoyi"]
[Result "1/2-1/2"]
[WhiteElo "2054"]
[BlackElo "2181"]
[PlyCount "87"]
[EventDate "2022.12.26"]
[EventType "swiss (rapid)"]
[EventRounds "11"]
[EventCountry "KAZ"]
[SourceTitle "CBM 211 Extra"]
[Source "ChessBase"]
[SourceDate "2023.01.31"]
[SourceVersion "1"]
[SourceVersionDate "2023.01.31"]
[SourceQuality "1"]

1. Nf3 Nf6 2. b3 b6 3. Bb2 Bb7 4. c4 c5 5. e3 g6 6. Be2 Bg7 7. 0-0 0-0 8. Qc2 Nc6 9. a3 Rc8 10. Nc3 e6 11. Rac1 d5 12. cxd5 exd5 13. d4 cxd4 14. Nxd4 Nxd4 15. exd4 Ne4 16. Qd3 Re8 17. Bf3 f5 18. g3 Qf6 19. Ne2 Bh6 20. Rxc8 Rxc8 21. Bc1 Bxc1 22. Rxc1 Rxc1+ 23. Nxc1 Qe7 24. a4 Qb4 25. Kg2 Qe1 26. Bxe4 dxe4 27. Qc4+ Kf8 28. Qc7 e3+ 29. Qxb7 Qxf2+ 30. Kh3 Qf1+ 31. Kh4 Qxc1 32. Kg5 Qa3 33. Qa8+ Kf7 34. Qd5+ Ke8 35. Qc6+ Kf7 36. Qd5+ Ke8 37. Qc6+ Ke7 38. Qc7+ Ke8 39. Qc8+ Kf7 40. Qc4+ Ke7 41. Qc7+ Ke8 42. Qc8+ Kf7 43. Qc4+ Kf8 44. Qc8+ 1/2-1/2

[Event "Wch Seniors 50 30th"]
[Site "Assisi"]
[Date "2022.11.22"]
[Round "7"]
[White "Tereladze, Sopiko"]
[Black "Berend, Fred"]
[Result "1-0"]
[WhiteElo "2154"]
[BlackElo "2294"]
[PlyCount "68"]
[EventDate "2022.11.15"]
[EventType "swiss"]
[EventRounds "11"]
[EventCountry "ITA"]
[SourceTitle "CBM 211 Extra"]
[Source "ChessBase"]
[SourceDate "2023.01.31"]
[SourceVersion "1"]
[SourceVersionDate "2023.01.31"]
[SourceQuality "1"]

1. d4 Nf6 2. Bg5 d5 3. Bxf6 gxf6 4. c4 c5 5. cxd5 Qxd5 6. Nf3 cxd4 7. Nc3 Qa5 8. Nxd4 Bg7 9. e3 0-0 10. Bd3 f5 11. Qh5 e6 12. g4 Nc6 13. gxf5 Nxd4 14. exd4 exf5 15. 0-0-0 Rd8 16. Rde1 Be6 17. Rhg1 Rac8 18. Bc2 Rxc3 19. bxc3 Rc8 20. Qg5 Qa3+ 21. Kd1 Qf8 22. Re3 f6 23. Qxg7+ Qxg7 24. Rxg7+ Kxg7 25. Rxe6 Kg6 26. Kd2 Rc7 27. f4 Rd7 28. Kd3 Kf7 29. Bb3 Kg6 30. d5 b5 31. d6 a5 32. Kd4 Rd8 33. Bd5 b4 34. cxb4 axb4 1-0

[Event "Wch Seniors 50 30th"]
[Site "Assisi"]
[Date "2022.11.18"]
[Round "4"]
[White "Tereladze, Sopiko"]
[Black "Astengo, Corrado"]
[Result "1/2-1/2"]
[WhiteElo "2154"]
[BlackElo "1983"]
[PlyCount "52"]
[EventDate "2022.11.15"]
[EventType "swiss"]
[EventRounds "11"]
[EventCountry "ITA"]
[SourceTitle "CBM 211 Extra"]
[Source "ChessBase"]
[SourceDate "2023.01.31"]
[SourceVersion "1"]
[SourceVersionDate "2023.01.31"]
[SourceQuality "1"]

1. e4 c6 2. d4 d5 3. Nc3 dxe4 4. Nxe4 Bf5 5. Ng3 Bg6 6. Bc4 Nf6 7. N1e2 e6 8. 0-0 Bd6 9. c3 Qc7 10. Re1 0-0 11. Bg5 Nbd7 12. Qd2 b5 13. Bb3 Ne4 14. Nxe4 Bxe4 15. Ng3 Bg6 16. a4 a6 17. Bc2 Bxc2 18. Qxc2 h6 19. Bd2 Nf6 20. Re3 Nd5 21. Re4 Nf6 22. Rh4 Rfd8 23. Re1 c5 24. dxc5 Bxc5 25. Ne4 Nxe4 26. Rhxe4 Qd7 1/2-1/2

[Event "Wch Seniors 50 30th"]
[Site "Assisi"]
[Date "2022.11.16"]
[Round "2"]
[White "Tereladze, Sopiko"]
[Black "Pavlovic, Milos"]
[Result "0-1"]
[WhiteElo "2154"]
[BlackElo "2447"]
[PlyCount "49"]
[EventDate "2022.11.15"]
[EventType "swiss"]
[EventRounds "11"]
[EventCountry "ITA"]
[SourceTitle "CBM 211 Extra"]
[Source "ChessBase"]
[SourceDate "2023.01.31"]
[SourceVersion "1"]
[SourceVersionDate "2023.01.31"]
[SourceQuality "1"]

1. d4 Nf6 2. Nf3 g6 3. Nbd2 Bg7 4. e4 d6 5. h3 0-0 6. Bc4 Nc6 7. d5 Nb8 8. 0-0 c6 9. dxc6 Nxc6 10. Re1 b6 11. Nf1 Bb7 12. Ne3 Qc7 13. Ng4 Nd7 14. a3 Nc5 15. Rb1 Kh8 16. h4 e6 17. Bd3 Rad8 18. Qe2 f5 19. exf5 gxf5 20. Ne3 Nd4 21. Nxd4 Bxd4 22. c3 Bf6 23. Bc2 Rg8 24. Qh5 Qc6 25. Kh2 0-1

[Event "Motiva Online Blitz (Women)"]
[Site "Chess.com INT"]
[Date "2021.12.18"]
[Round "5"]
[White "Koridze, Lile"]
[Black "Tereladze, Sopiko"]
[Result "1-0"]
[WhiteElo "2001"]
[BlackElo "2141"]
[PlyCount "165"]
[EventDate "2021.12.18"]
[EventType "swiss (blitz)"]
[EventRounds "13"]
[EventCountry "USA"]
[SourceTitle "CBM 205 Extra"]
[Source "ChessBase"]
[SourceDate "2022.01.31"]
[SourceVersion "1"]
[SourceVersionDate "2022.01.31"]
[SourceQuality "1"]

1. d4 Nf6 2. c4 e6 3. Nf3 b6 4. g3 Bb7 5. Bg2 Bb4+ 6. Bd2 Qe7 7. 0-0 Bxd2 8. Qxd2 0-0 9. Nc3 d6 10. Qc2 Nbd7 11. Rad1 Rfe8 12. e4 e5 13. Nd5 Nxd5 14. exd5 e4 15. Nh4 e3 16. fxe3 Qxe3+ 17. Kh1 Nf6 18. Nf5 Qe2 19. Qb3 Ba6 20. Rc1 Ng4 21. h3 Ne3 22. Bf3 Qd2 23. Nxe3 Rxe3 24. Qc2 Qxc2 25. Rxc2 Rae8 26. Kg2 Bc8 27. g4 f6 28. Rd2 Ba6 29. b3 Rc3 30. Rff2 Ree3 31. Rde2 Kf7 32. Rxe3 Rxe3 33. Re2 Rd3 34. Be4 Rxd4 35. Bxh7 b5 36. cxb5 Bb7 37. Bf5 Bxd5+ 38. Kg3 c5 39. bxc6 Bxc6 40. Rc2 Be4 41. Rc7+ Kf8 42. Be6 Bd5 43. Bd7 Bf7 44. Rxa7 Rd3+ 45. Kg2 Rd2+ 46. Kf3 Rd3+ 47. Ke4 Rxh3 48. Ra8+ Ke7 49. Bf5 g6 50. Ra7+ Kf8 51. Bd7 Rh2 52. b4 Rb2 53. a3 Kg7 54. b5 Rb1 55. a4 Re1+ 56. Kd4 Ra1 57. a5 g5 58. b6 Rd1+ 59. Kc3 Rb1 60. b7 Bd5 61. a6 Kg6 62. Ra8 Rb3+ 63. Kd4 Bxb7 64. axb7 Rxb7 65. Bf5+ Kg7 66. Rd8 Re7 67. Rxd6 Re5 68. Rd7+ Kg8 69. Rd5 Re7 70. Rd6 Kg7 71. Kd5 Re1 72. Re6 Rd1+ 73. Kc6 Rc1+ 74. Kd7 Rd1+ 75. Ke7 Ra1 76. Rd6 Re1+ 77. Kd7 Ra1 78. Rd3 Ra7+ 79. Ke6 Ra6+ 80. Rd6 Ra1 81. Rd7+ Kh6 82. Kxf6 Ra6+ 83. Ke7 1-0

[Event "Motiva Online Blitz (Women)"]
[Site "Chess.com INT"]
[Date "2021.12.18"]
[Round "10"]
[White "Tereladze, Sopiko"]
[Black "Unuk, Laura"]
[Result "1-0"]
[WhiteElo "2141"]
[BlackElo "2356"]
[PlyCount "109"]
[EventDate "2021.12.18"]
[EventType "swiss (blitz)"]
[EventRounds "13"]
[EventCountry "USA"]
[SourceTitle "CBM 205 Extra"]
[Source "ChessBase"]
[SourceDate "2022.01.31"]
[SourceVersion "1"]
[SourceVersionDate "2022.01.31"]
[SourceQuality "1"]

1. d4 d5 2. Nf3 c6 3. Bf4 Nf6 4. c3 Bf5 5. e3 Nbd7 6. Bd3 e6 7. 0-0 Bg6 8. Bxg6 hxg6 9. Nbd2 Ne4 10. Nxe4 dxe4 11. Ng5 Nf6 12. c4 Bd6 13. Be5 Rh5 14. f4 exf3 15. Nxf3 Ng4 16. Qb3 Bxe5 17. dxe5 Qc7 18. Rad1 Nxe5 19. Nxe5 Qxe5 20. h3 Rd8 21. Qxb7 Qxe3+ 22. Kh1 Rxd1 23. Qxf7+ Kd8 24. Rxd1+ Kc8 25. Qe8+ Kb7 26. Rd7+ Kb6 27. Qb8+ Ka6 28. Qb7+ Ka5 29. Qxa7+ Qxa7 30. Rxa7+ Kb6 31. Rxg7 Rg5 32. g4 Kc5 33. b3 e5 34. Kg2 Kd4 35. Kg3 e4 36. Rd7+ Ke3 37. Rd6 Ra5 38. Rxg6 Rxa2 39. Rxc6 Ra1 40. g5 Rg1+ 41. Kh4 Kd2 42. g6 e3 43. Kh5 e2 44. Rd6+ Kc3 45. Re6 e1Q 46. Rxe1 Rxe1 47. g7 Rg1 48. Kh6 Rg3 49. h4 Kxb3 50. h5 Kxc4 51. Kh7 Kd5 52. g8Q+ Rxg8 53. Kxg8 Ke6 54. Kg7 Kf5 55. h6 1-0

[Event "Titled Tuesday intern op 09th Feb"]
[Site "Chess.com INT"]
[Date "2021.02.09"]
[Round "3"]
[White "Safin, Robert"]
[Black "Tereladze, Sopiko"]
[Result "1-0"]
[WhiteElo "2283"]
[BlackElo "2141"]
[PlyCount "111"]
[EventDate "2021.02.09"]
[EventType "swiss (blitz)"]
[EventRounds "11"]
[EventCountry "USA"]
[SourceTitle "EXT 2022"]
[Source "ChessBase"]
[SourceDate "2021.10.06"]
[SourceVersion "1"]
[SourceVersionDate "2021.10.06"]
[SourceQuality "1"]

1. d4 Nf6 2. Nf3 e6 3. g3 d5 4. Bg2 Be7 5. 0-0 0-0 6. Nbd2 c5 7. dxc5 Bxc5 8. c4 Nc6 9. b3 Ne4 10. cxd5 exd5 11. Nxe4 dxe4 12. Ng5 Qxd1 13. Rxd1 f5 14. h4 h6 15. Nh3 Be6 16. Nf4 Bf7 17. h5 Ne5 18. Bb2 Ng4 19. e3 Rfd8 20. Bh3 Bd6 21. Bxg4 fxg4 22. Ng6 Bc5 23. Rac1 Bb6 24. Ne7+ Kh7 25. Nf5 g6 26. hxg6+ Bxg6 27. Nh4 Rxd1+ 28. Rxd1 Rd8 29. Bd4 Bc5 30. Ng2 b6 31. Nf4 Bf7 32. Kf1 Bxd4 33. Rxd4 Rxd4 34. exd4 Kg7 35. Ke2 Kf6 36. Ke3 Kf5 37. Ne2 h5 38. Nc3 Be8 39. Nxe4 Bc6 40. Nd6+ Ke6 41. Nc4 Bd5 42. Nd2 Kf5 43. a3 b5 44. b4 a6 45. Nb1 Bc4 46. Nc3 Kg5 47. d5 Kf5 48. Kd4 Kf6 49. Nd1 Ke7 50. Ke5 Kd7 51. Ne3 Bd3 52. Ng2 Bc4 53. Nf4 Bb3 54. Nxh5 a5 55. Nf6+ Ke7 56. bxa5 1-0

[Event "Titled Tuesday intern op 09th Feb"]
[Site "Chess.com INT"]
[Date "2021.02.09"]
[Round "2"]
[White "Tereladze, Sopiko"]
[Black "Chen, Ryo"]
[Result "1/2-1/2"]
[WhiteElo "2141"]
[BlackElo "2183"]
[PlyCount "59"]
[EventDate "2021.02.09"]
[EventType "swiss (blitz)"]
[EventRounds "11"]
[EventCountry "USA"]
[SourceTitle "EXT 2022"]
[Source "ChessBase"]
[SourceDate "2021.10.06"]
[SourceVersion "1"]
[SourceVersionDate "2021.10.06"]
[SourceQuality "1"]

1. d4 Nf6 2. Nf3 g6 3. Nc3 d5 4. Bg5 Bg7 5. Bxf6 exf6 6. e4 dxe4 7. Nxe4 0-0 8. Be2 f5 9. Ng3 Re8 10. Qd2 Qd6 11. 0-0-0 Nc6 12. c3 Rb8 13. h4 b5 14. h5 f4 15. Nf1 b4 16. hxg6 hxg6 17. c4 Nxd4 18. Nxd4 Qxd4 19. Qxd4 Bxd4 20. Rxd4 Rxe2 21. Rd8+ Kg7 22. Nd2 Rxf2 23. Rhh8 Rxg2 24. Ne4 f5 25. Rhg8+ Kf7 26. Rgf8+ Ke7 27. Rfe8+ Kf7 28. Rf8+ Ke6 29. Rfe8+ Kf7 30. Rf8+ 1/2-1/2

[Event "Titled Tuesday intern op 02nd Feb"]
[Site "Chess.com INT"]
[Date "2021.02.02"]
[Round "3"]
[White "Tereladze, Sopiko"]
[Black "Ollier, Pablo"]
[Result "0-1"]
[WhiteElo "2141"]
[BlackElo "2372"]
[PlyCount "32"]
[EventDate "2021.02.02"]
[EventType "swiss (blitz)"]
[EventRounds "11"]
[EventCountry "USA"]
[SourceTitle "CBM 200 Extra"]
[Source "ChessBase"]
[SourceDate "2021.03.31"]
[SourceVersion "1"]
[SourceVersionDate "2021.03.31"]
[SourceQuality "1"]

1. e4 e5 2. Nf3 Nc6 3. Bb5 a6 4. Ba4 d6 5. d4 b5 6. Bb3 Nxd4 7. Nxd4 exd4 8. Qxd4 c5 9. Qd5 Be6 10. Qc6+ Bd7 11. Bxf7+ Kxf7 12. Qd5+ Be6 13. Qb7+ Be7 14. 0-0 Nf6 15. Nc3 Qd7 16. Qb6 Bd8 0-1

[Event "Titled Tuesday intern op 26th Jan"]
[Site "Chess.com INT"]
[Date "2021.01.26"]
[Round "1"]
[White "Frolyanov, Dmitry"]
[Black "Tereladze, Sopiko"]
[Result "1-0"]
[WhiteElo "2542"]
[BlackElo "2141"]
[PlyCount "67"]
[EventDate "2021.01.26"]
[EventType "swiss (blitz)"]
[EventRounds "11"]
[EventCountry "USA"]
[SourceTitle "CBM 200 Extra"]
[Source "ChessBase"]
[SourceDate "2021.03.31"]
[SourceVersion "1"]
[SourceVersionDate "2021.03.31"]
[SourceQuality "1"]

1. d4 Nf6 2. c4 e6 3. Nc3 Bb4 4. e3 0-0 5. Bd2 Bxc3 6. Bxc3 d6 7. Bd3 Re8 8. Ne2 Nc6 9. 0-0 e5 10. Ng3 exd4 11. exd4 d5 12. Qc2 dxc4 13. Bxc4 Nxd4 14. Qa4 Ne6 15. Rad1 Bd7 16. Qc2 Nf8 17. Qb3 Qe7 18. Rfe1 Be6 19. Qxb7 Qc5 20. Bxe6 Nxe6 21. Bxf6 gxf6 22. Qf3 Rad8 23. Rxd8 Rxd8 24. Ne4 Qd4 25. Nxf6+ Kh8 26. Qf5 Nf8 27. h3 Qd3 28. Qg5 Qg6 29. Qh4 Ne6 30. Re3 Rd1+ 31. Kh2 Ng5 32. Re8+ Kg7 33. Nh5+ Kh6 34. Nf4+ 1-0

[Event "Titled Tuesday intern op 26th Jan"]
[Site "Chess.com INT"]
[Date "2021.01.26"]
[Round "8"]
[White "Tereladze, Sopiko"]
[Black "Cella, Glaucio Dalla Cortt"]
[Result "1-0"]
[WhiteElo "2141"]
[BlackElo "1961"]
[PlyCount "105"]
[EventDate "2021.01.26"]
[EventType "swiss (blitz)"]
[EventRounds "11"]
[EventCountry "USA"]
[SourceTitle "CBM 200 Extra"]
[Source "ChessBase"]
[SourceDate "2021.03.31"]
[SourceVersion "1"]
[SourceVersionDate "2021.03.31"]
[SourceQuality "1"]

1. e4 c5 2. Nf3 e6 3. d4 cxd4 4. Nxd4 Nf6 5. Bd3 Nc6 6. Nxc6 bxc6 7. 0-0 d5 8. Nc3 Bb7 9. Bg5 Be7 10. Qf3 h6 11. Bh4 d4 12. Ne2 c5 13. Bxf6 Bxf6 14. Ng3 e5 15. Bb5+ Kf8 16. Nh5 Bc8 17. Bc4 Be6 18. Bxe6 fxe6 19. Qg4 Ke7 20. f4 Rg8 21. fxe5 Bxe5 22. Qg6 Qe8 23. Qg4 g6 24. Nf4 Bxf4 25. Qxf4 Kd7 26. Qxh6 Qe7 27. e5 Raf8 28. Rxf8 Qxf8 29. Qxf8 Rxf8 30. Re1 Kc6 31. g4 Kd5 32. Kg2 Rf4 33. Kg3 Re4 34. Rf1 Kxe5 35. Rf2 g5 36. h3 Re3+ 37. Kg2 c4 38. Rf7 Re2+ 39. Kf3 Rxc2 40. Rxa7 d3 41. Ra5+ Kd4 42. b3 d2 43. Ke2 Kc3 44. Rc5 Rxa2 45. Rxc4+ Kxb3 46. Rc6 e5 47. Rd6 e4 48. Rxd2 Ra1 49. Rd5 Rh1 50. Rxg5 Rxh3 51. Re5 Rg3 52. g5 e3 53. Rxe3+ 1-0

[Event "Titled Tuesday intern op 12th Jan"]
[Site "Chess.com INT"]
[Date "2021.01.12"]
[Round "2"]
[White "Karas, Marek"]
[Black "Tereladze, Sopiko"]
[Result "1-0"]
[WhiteElo "2196"]
[BlackElo "2141"]
[PlyCount "121"]
[EventDate "2021.01.12"]
[EventType "swiss (blitz)"]
[EventRounds "11"]
[EventCountry "USA"]
[SourceTitle "CBM 200 Extra"]
[Source "ChessBase"]
[SourceDate "2021.03.31"]
[SourceVersion "1"]
[SourceVersionDate "2021.03.31"]
[SourceQuality "1"]

1. e4 e5 2. Nf3 Nc6 3. Bb5 a6 4. Bxc6 dxc6 5. Nc3 Bd6 6. d4 Bg4 7. dxe5 Bxf3 8. Qxf3 Bxe5 9. Bf4 Qe7 10. Bxe5 Qxe5 11. 0-0 Nf6 12. Rad1 0-0 13. Qg3 Qxg3 14. hxg3 Rfe8 15. f3 Re7 16. Rd2 Rae8 17. Rfd1 b6 18. Kf2 c5 19. Nd5 Nxd5 20. Rxd5 Kf8 21. Rd7 f6 22. Rxe7 Kxe7 23. Ke3 Ke6 24. f4 h6 25. Rd5 Ke7 26. e5 Ke6 27. c4 g6 28. Ke4 h5 29. a4 a5 30. b3 Rh8 31. Kf3 h4 32. gxh4 Rxh4 33. exf6 Rh1 34. f7 Kxf7 35. Rd7+ Kf8 36. Rxc7 Rb1 37. Rc6 Rxb3+ 38. Ke4 Kf7 39. g4 Rb1 40. Rc7+ Ke6 41. f5+ gxf5+ 42. gxf5+ Kd6 43. Rg7 Re1+ 44. Kf4 Rc1 45. Rg6+ Ke7 46. Ke5 Rxc4 47. Rxb6 Rc1 48. Rb7+ Ke8 49. Rb5 c4 50. Rxa5 c3 51. Kf6 Ra1 52. Rc5 Rxa4 53. Rxc3 Ra6+ 54. Kg7 Ra7+ 55. Kg6 Ra1 56. Rc8+ Kd7 57. Rb8 Ke7 58. f6+ Ke6 59. Re8+ Kd7 60. Re7+ Kd8 61. Kf7 1-0

[Event "Titled Tuesday intern op 12th Jan"]
[Site "Chess.com INT"]
[Date "2021.01.12"]
[Round "4"]
[White "Tereladze, Sopiko"]
[Black "Senthil, Maran K"]
[Result "1-0"]
[WhiteElo "2141"]
[BlackElo "2246"]
[PlyCount "137"]
[EventDate "2021.01.12"]
[EventType "swiss (blitz)"]
[EventRounds "11"]
[EventCountry "USA"]
[SourceTitle "CBM 200 Extra"]
[Source "ChessBase"]
[SourceDate "2021.03.31"]
[SourceVersion "1"]
[SourceVersionDate "2021.03.31"]
[SourceQuality "1"]

1. d4 Nf6 2. Nf3 d5 3. Bf4 c5 4. e3 Nc6 5. c3 Nh5 6. Bg5 h6 7. Bh4 g5 8. Bg3 Nxg3 9. hxg3 Bg7 10. Bd3 Qb6 11. b3 Bg4 12. Nbd2 e5 13. dxe5 Nxe5 14. Qc2 Nxd3+ 15. Qxd3 0-0-0 16. 0-0 Qf6 17. c4 Bf5 18. Qe2 d4 19. exd4 Rhe8 20. Qd1 g4 21. Ne5 Rxd4 22. f4 Red8 23. Rf2 h5 24. Qe1 Qe6 25. Re2 Qf6 26. Nf1 Bd3 27. Re3 Qf5 28. Rc1 Be4 29. Nxf7 Qxf7 30. Rxe4 Qf5 31. Re7 Bf6 32. Qe6+ Qxe6 33. Rxe6 Rf8 34. Rce1 Rd2 35. Nxd2 Bd4+ 36. Kf1 h4 37. Re8+ Rxe8 38. Rxe8+ Kd7 39. Rg8 h3 40. gxh3 gxh3 41. Nf3 Bf6 42. Kg1 Ke6 43. Kh2 Kf5 44. Kxh3 Bc3 45. Rf8+ Ke4 46. Ng5+ Kd3 47. f5 Kc2 48. f6 Kb2 49. f7 Bg7 50. Rg8 Bh6 51. f8Q Bxf8 52. Rxf8 Kxa2 53. Rf7 b6 54. Rxa7+ Kxb3 55. Rb7 Kxc4 56. Rxb6 Kd5 57. Nf7 c4 58. g4 c3 59. Rb8 Ke6 60. Ng5+ Kd7 61. Rb3 c2 62. Rc3 Kd6 63. Rxc2 Ke5 64. Rf2 Kd4 65. Nh7 Ke5 66. g5 Ke6 67. g6 Ke7 68. g7 Kd6 69. g8Q 1-0